000 00465nam a2200157 a 4500
001 8623
005 20180713192553.0
008 140415s1990 000 0 spa d
041 _aspa
082 _a657.45
_bTAP
100 1 _aTapia Ayala, Francisco,.
245 1 0 _aAUDITORIA OPERACIONAL :
_bSU APLICACION A LA ADMINISTRACION DE INVENTARIOS
260 _a[s.l.] :
_bECASA,
_c1990
300 _a152
650 1 4 _aADMINISTRACION INDUSTRIAL
_xAUDITORIA
999 _c8623
_d8623